000 00230nmm a2200085Ia 4500
008 220120s9999||||xx |||||||||||||||||und||
100 _aLINUX
245 0 _aWordnet, Panda antivirus ; Fedora updates, Lives video edito
260 _c2005
999 _c138635
_d138635